<?xml version="1.0" encoding="UTF-8"?>
<record
    xmlns:xsi="http://www.w3.org/2001/XMLSchema-instance"
    xsi:schemaLocation="http://www.loc.gov/MARC21/slim http://www.loc.gov/standards/marcxml/schema/MARC21slim.xsd"
    xmlns="http://www.loc.gov/MARC21/slim">

  <leader>02052nam a22002537a 4500</leader>
  <controlfield tag="003">NALT</controlfield>
  <controlfield tag="005">20250116101229.0</controlfield>
  <controlfield tag="008">210330b        th ||||| |||| 00| 0 tha d</controlfield>
  <datafield tag="040" ind1=" " ind2=" ">
    <subfield code="a">NALT</subfield>
  </datafield>
  <datafield tag="090" ind1=" " ind2=" ">
    <subfield code="a">ELR 111/1 2564</subfield>
  </datafield>
  <datafield tag="100" ind1="0" ind2=" ">
    <subfield code="9">46013</subfield>
    <subfield code="a">&#xE19;&#xE49;&#xE33;&#xE17;&#xE34;&#xE1E;&#xE22;&#xE4C; &#xE2D;&#xE19;&#xE31;&#xE19;&#xE15;&#xE17;&#xE23;&#xE31;&#xE1E;&#xE22;&#xE4C;</subfield>
  </datafield>
  <datafield tag="245" ind1="1" ind2="0">
    <subfield code="a">&#xE01;&#xE32;&#xE23;&#xE2A;&#xE19;&#xE31;&#xE1A;&#xE2A;&#xE19;&#xE38;&#xE19;&#xE07;&#xE32;&#xE19;&#xE14;&#xE49;&#xE32;&#xE19;&#xE27;&#xE34;&#xE0A;&#xE32;&#xE01;&#xE32;&#xE23;&#xE41;&#xE01;&#xE48;&#xE04;&#xE13;&#xE30;&#xE01;&#xE23;&#xE23;&#xE21;&#xE32;&#xE18;&#xE34;&#xE01;&#xE32;&#xE23;&#xE02;&#xE31;&#xE1A;&#xE40;&#xE04;&#xE25;&#xE37;&#xE48;&#xE2D;&#xE19;&#xE01;&#xE32;&#xE23;&#xE1B;&#xE0F;&#xE34;&#xE23;&#xE39;&#xE1B;&#xE1B;&#xE23;&#xE30;&#xE40;&#xE17;&#xE28;&#xE14;&#xE49;&#xE32;&#xE19;&#xE01;&#xE35;&#xE2C;&#xE32; &#xE28;&#xE34;&#xE25;&#xE1B;&#xE30; &#xE27;&#xE31;&#xE12;&#xE19;&#xE18;&#xE23;&#xE23;&#xE21; &#xE01;&#xE32;&#xE23;&#xE28;&#xE32;&#xE2A;&#xE19;&#xE32; &#xE04;&#xE38;&#xE13;&#xE18;&#xE23;&#xE23;&#xE21; &#xE41;&#xE25;&#xE30;&#xE08;&#xE23;&#xE34;&#xE22;&#xE18;&#xE23;&#xE23;&#xE21; &#xE2A;&#xE20;&#xE32;&#xE02;&#xE31;&#xE1A;&#xE40;&#xE04;&#xE25;&#xE37;&#xE48;&#xE2D;&#xE19;&#xE01;&#xE32;&#xE23;&#xE1B;&#xE0F;&#xE34;&#xE23;&#xE39;&#xE1B;&#xE1B;&#xE23;&#xE30;&#xE40;&#xE17;&#xE28; : </subfield>
    <subfield code="b">&#xE01;&#xE23;&#xE13;&#xE35;&#xE01;&#xE32;&#xE23;&#xE08;&#xE31;&#xE14;&#xE17;&#xE33;&#xE41;&#xE1C;&#xE19;&#xE01;&#xE32;&#xE23;&#xE1B;&#xE0F;&#xE34;&#xE23;&#xE39;&#xE1B;&#xE40;&#xE23;&#xE47;&#xE27; (Quick Win) "&#xE01;&#xE35;&#xE2C;&#xE32;&#xE2A;&#xE23;&#xE49;&#xE32;&#xE07;&#xE2A;&#xE31;&#xE19;&#xE15;&#xE34;&#xE2A;&#xE38;&#xE02;&#xE43;&#xE19;&#xE1E;&#xE37;&#xE49;&#xE19;&#xE17;&#xE35;&#xE48;&#xE08;&#xE31;&#xE07;&#xE2B;&#xE27;&#xE31;&#xE14;&#xE0A;&#xE32;&#xE22;&#xE41;&#xE14;&#xE19;&#xE20;&#xE32;&#xE04;&#xE43;&#xE15;&#xE49;" /</subfield>
    <subfield code="c">&#xE19;&#xE49;&#xE33;&#xE17;&#xE34;&#xE1E;&#xE22;&#xE4C; &#xE2D;&#xE19;&#xE31;&#xE19;&#xE15;&#xE17;&#xE23;&#xE31;&#xE1E;&#xE22;&#xE4C;.</subfield>
  </datafield>
  <datafield tag="246" ind1="3" ind2="0">
    <subfield code="a">&#xE1C;&#xE25;&#xE07;&#xE32;&#xE19;&#xE2B;&#xE23;&#xE37;&#xE2D;&#xE1C;&#xE25;&#xE2A;&#xE33;&#xE40;&#xE23;&#xE47;&#xE08;&#xE02;&#xE2D;&#xE07;&#xE07;&#xE32;&#xE19;&#xE17;&#xE35;&#xE48;&#xE40;&#xE01;&#xE34;&#xE14;&#xE08;&#xE32;&#xE01;&#xE01;&#xE32;&#xE23;&#xE1B;&#xE0F;&#xE34;&#xE1A;&#xE31;&#xE15;&#xE34;&#xE07;&#xE32;&#xE19;&#xE43;&#xE19;&#xE15;&#xE33;&#xE41;&#xE2B;&#xE19;&#xE48;&#xE07;&#xE2B;&#xE19;&#xE49;&#xE32;&#xE17;&#xE35;&#xE48;&#xE04;&#xE27;&#xE32;&#xE21;&#xE23;&#xE31;&#xE1A;&#xE1C;&#xE34;&#xE14;&#xE0A;&#xE2D;&#xE1A;</subfield>
  </datafield>
  <datafield tag="260" ind1=" " ind2=" ">
    <subfield code="a">&#xE01;&#xE23;&#xE38;&#xE07;&#xE40;&#xE17;&#xE1E;&#xE2F; :</subfield>
    <subfield code="b">&#xE2A;&#xE33;&#xE19;&#xE31;&#xE01;&#xE07;&#xE32;&#xE19;&#xE40;&#xE25;&#xE02;&#xE32;&#xE18;&#xE34;&#xE01;&#xE32;&#xE23;&#xE2A;&#xE20;&#xE32;&#xE1C;&#xE39;&#xE49;&#xE41;&#xE17;&#xE19;&#xE23;&#xE32;&#xE29;&#xE0E;&#xE23;,</subfield>
    <subfield code="c">2564.</subfield>
  </datafield>
  <datafield tag="300" ind1=" " ind2=" ">
    <subfield code="a">136 &#xE2B;&#xE19;&#xE49;&#xE32; :</subfield>
    <subfield code="b">&#xE20;&#xE32;&#xE1E;&#xE1B;&#xE23;&#xE30;&#xE01;&#xE2D;&#xE1A;, &#xE15;&#xE32;&#xE23;&#xE32;&#xE07; ;</subfield>
    <subfield code="c">29 &#xE0B;&#xE21;.</subfield>
  </datafield>
  <datafield tag="650" ind1=" " ind2="4">
    <subfield code="9">49246</subfield>
    <subfield code="a">&#xE01;&#xE35;&#xE2C;&#xE32;&#xE01;&#xE31;&#xE1A;&#xE23;&#xE31;&#xE10;</subfield>
  </datafield>
  <datafield tag="650" ind1=" " ind2="4">
    <subfield code="9">51326</subfield>
    <subfield code="a">&#xE01;&#xE35;&#xE2C;&#xE32;</subfield>
    <subfield code="x">&#xE41;&#xE07;&#xE48;&#xE08;&#xE34;&#xE15;&#xE27;&#xE34;&#xE17;&#xE22;&#xE32;</subfield>
  </datafield>
  <datafield tag="651" ind1=" " ind2="4">
    <subfield code="9">32008</subfield>
    <subfield code="a">&#xE44;&#xE17;&#xE22; (&#xE20;&#xE32;&#xE04;&#xE43;&#xE15;&#xE49;)</subfield>
    <subfield code="x">&#xE01;&#xE32;&#xE23;&#xE41;&#xE01;&#xE49;&#xE1B;&#xE31;&#xE0D;&#xE2B;&#xE32;</subfield>
  </datafield>
  <datafield tag="651" ind1=" " ind2="4">
    <subfield code="9">6265</subfield>
    <subfield code="a">&#xE44;&#xE17;&#xE22; (&#xE20;&#xE32;&#xE04;&#xE43;&#xE15;&#xE49;)</subfield>
    <subfield code="x">&#xE1B;&#xE31;&#xE0D;&#xE2B;&#xE32;&#xE41;&#xE25;&#xE30;&#xE02;&#xE49;&#xE2D;&#xE1E;&#xE34;&#xE1E;&#xE32;&#xE17;</subfield>
  </datafield>
  <datafield tag="850" ind1=" " ind2=" ">
    <subfield code="a">NALT</subfield>
  </datafield>
  <datafield tag="942" ind1=" " ind2=" ">
    <subfield code="c">IS</subfield>
    <subfield code="2">local</subfield>
  </datafield>
  <datafield tag="998" ind1=" " ind2=" ">
    <subfield code="a">bijaya</subfield>
    <subfield code="c">103</subfield>
    <subfield code="j">8</subfield>
    <subfield code="k"> &#xE19;&#xE32;&#xE22;&#xE1A;&#xE31;&#xE13;&#xE11;&#xE34;&#xE15;  &#xE2D;&#xE38;&#xE17;&#xE32;&#xE27;&#xE07;&#xE04;&#xE4C;</subfield>
  </datafield>
  <datafield tag="999" ind1=" " ind2=" ">
    <subfield code="c">98219</subfield>
    <subfield code="d">98219</subfield>
  </datafield>
  <datafield tag="952" ind1=" " ind2=" ">
    <subfield code="0">0</subfield>
    <subfield code="1">0</subfield>
    <subfield code="2">local</subfield>
    <subfield code="4">0</subfield>
    <subfield code="7">0</subfield>
    <subfield code="8">CIS</subfield>
    <subfield code="a">NALT</subfield>
    <subfield code="b">NALT</subfield>
    <subfield code="c">IS</subfield>
    <subfield code="d">2021-03-30</subfield>
    <subfield code="l">7</subfield>
    <subfield code="m">3</subfield>
    <subfield code="o">ELR 111/1 2564</subfield>
    <subfield code="p">3961211813</subfield>
    <subfield code="r">2025-01-23 00:00:00</subfield>
    <subfield code="s">2025-01-16</subfield>
    <subfield code="w">2021-03-30</subfield>
    <subfield code="y">IS</subfield>
  </datafield>
</record>
